000 01238nam0a2200313 4500
001 RU\NLR\BIBL_A\011291184
005 20161222173259.0
010 _a978-5-9930-1858-4
_922000
021 _aRU
_b2017-73456
_95240
021 _aRU
_b2016-90657
_95976
035 _a(NLR Aleph) 011291184
090 _a10922437
_c10922437
100 _a20161212d2016 c y0rusy50 ca
101 0 _arus
102 _aRU
105 _aa z 000ay
200 1 _aЛьвёнок и Черепаха
_e[сказки
_eдля чтения взрослыми детям]
_fСергей Козлов
_g[худож.: Т. Абалакина]
210 _aМосква
_cАлтей и К°
_cАлтей-Бук
_d2016
215 _a61, [3] с.
_cцв. ил.
_d24
225 1 _aКоллекция любимых сказок
333 _a6+
686 0 _aШ9(2)60=Р7-2
700 1 _aКозлов
_bС. Г.
_cдетский писатель
_f1939-2010
_gСергей Григорьевич
_3RU\NLR\AUTH\77703
702 1 _aАбалакина
_bТ. В.
_cхудожник
_f1944-
_gТатьяна Васильевна
_3RU\NLR\AUTH\7786308
_4040
942 _cBOOK
980 _aNB